Tom Lehrer's "New Math" Lyrics (first verse) - Statistics

General Stats
  • This quiz has been taken 7 times
  • The average score is 227 of 413
Answer Stats
Answer % Correct
I
100%
school
100%
you
100%
You
100%
a
83%
and
83%
And
83%
carry
83%
child
83%
do
83%
eight
83%
five
83%
four
83%
if
83%
in
83%
Math
83%
math
83%
New
83%
new
83%
nine
83%
one
83%
or
83%
seven
83%
six
83%
So
83%
so
83%
ten
83%
the
83%
three
83%
to
83%
two
83%
we
83%
add
67%
but
67%
But
67%
can
67%
from
67%
From
67%
have
67%
is
67%
less
67%
make
67%
over
67%
private
67%
public
67%
say
67%
than
67%
then
67%
who
67%
your
67%
35
50%
as
50%
at
50%
can't
50%
child's
50%
go
50%
homework
50%
how
50%
it
50%
It
50%
mathematics
50%
more
50%
Now
50%
now
50%
of
50%
ones
50%
place
50%
take
50%
tens
50%
that
50%
That
50%
twelve
50%
under
50%
went
50%
you're
50%
You're
50%
arithmetic
33%
away
33%
been
33%
children
33%
clear
33%
first
33%
for
33%
get
33%
I've
33%
look
33%
may
33%
minus
33%
only
33%
position
33%
really
33%
remember
33%
simple
33%
subtraction
33%
that's
33%
use
33%
used
33%
will
33%
with
33%
169
17%
173
17%
342
17%
actually
17%
aids
17%
answer
17%
back
17%
being
17%
bit
17%
biz
17%
blackboard
17%
change
17%
Consider
17%
day
17%
didn't
17%
doing
17%
ed
17%
embarrassing
17%
following
17%
fourteen
17%
good
17%
hundreds
17%
idea
17%
important
17%
It's
17%
know
17%
known
17%
lesson
17%
primitive
17%
problem
17%
put
17%
regroup
17%
revolution
17%
room
17%
service
17%
small
17%
Some
17%
they
17%
thing
17%
thirteen
17%
This
17%
thought
17%
unable
17%
up
17%
very
17%
visual
17%
Well
17%
what
17%
while
17%
why
17%
worked
17%
would
17%
You've
17%
you've
17%
added
0%
addition
0%
approach
0%
bad
0%
because
0%
brief
0%
'cause
0%
commutative
0%
cover
0%
current
0%
Everybody
0%
gonna
0%
got
0%
here
0%
Here's
0%
hoo
0%
Hooray
0%
instead
0%
leaves
0%
left
0%
Not
0%
offer
0%
perhaps
0%
plus
0%
rather
0%
review
0%
right
0%
teaching
0%
tonight
0%
understand
0%
We're
0%
which
0%
won't
0%
No matching quizzes found
Score Distribution
Percent of People with Each Score
Percentile by Number Answered
Your Score History
You have not taken this quiz